000 00771cam a2200253 a 4500
008
020 _a0132089955 (pbk.)
090 _aBF637.L4
_bNAH
100 1 _aNahavandi, Afsaneh.
245 1 4 _aThe art and science of leadership /
_cAfsaneh Nahavandi.
250 _aFifth ed.
260 1 _aUpper Saddle River :
_bPearson Prentice Hall,
_c2009
300 _axxiii, 406 pages :
_billustrations ;
_c24 cm.
504 _aIncludes bibliographical references.
500 _aIncludes index.
650 0 _aLeadership.
650 0 _aLeadership
_vCross-cultural studies.
907 _a.b10352156
_b03-12-14
_c01-12-14
003
005 20230123122127.0
040 _cNUST
049 _aMAIN
942 _cBOOKS
_kBF637.L4
_mNAH
999 _c128246
_d128246